Los jefes : (Registro nro. 10736)

Detalles MARC
000 -LIDER
fixed length control field 00938nam a22003137a 4500
001 - NÚMERO DE CONTROL
Identificador de número de control 000369
003 - IDENTIFICACDOR DE NÚMERO DE CONTROL
control field DO-SdBNP
005 - DATE AND TIME OF LATEST TRANSACTION
control field 20171121114045.0
007 - CAMPOS FIJOS DE DESCRIPCIÓN FÍSICA
fixed length control field 000369
008 - ELEMENTOS DE LONGITUD FIJA
fixed length control field 160706b 2007 sp ||||| |||| 00| 0 spa d
020 ## - ISBN
International Standard Book Number 9788466320832
040 ## - FUENTE DE CATALOGACIÓN
Agencia que crea de manera original el registro BPMSU
Idioma de catalogación spa
Agencia que realiza la transcripción BPMSU
082 #4 - NÚMERO DE CLASIFICACIÓN DECIMAL DE DEWEY
Classification number Pe863.44
Item number V297j 2008
100 1# - ASIENTO PRINCIPAL -- NOMBRE PERSONAL
Nombre personal Vargas Llosa, Mario,
Fechas asociadas con el nombre 1936-
245 10 - MENCIÓN DE TITULO
Título Los jefes :
Subtítulo Los cachorros /
Mención de responsabilidad Mario Vargas Llosa.
250 ## - MENCIÓN DE EDICION
Mención de edición 2.ed.
260 ## - PUBLICACIÓN, DISTRIBUCIÓN, ETC. (PIE DE IMPRENTA)
Lugar de publicación, distribución, etc Madrid :
Nombre del editor, distribuidor, etc. Punto de Lectura,
Fecha de publicación, distribución, etc 2007.
300 ## - DESCRIPCIÓN FÍSICA
Extensión 164 p. ;
Otros detalles físicos 19 cm.
490 1# - MENCIÓN DE SERIES
Mención de serie Punto de lectura ;
Volume/sequential designation 4
490 1# - MENCIÓN DE SERIES
Mención de serie Punto de lectura ;
Volume/sequential designation 11
500 ## - NOTA GENERAL
Nota general Incluye datos biográficos del autor p. : 4
648 #4 - SUBJECT ADDED ENTRY--CHRONOLOGICAL TERM
Source of heading or term CUENTOS PERUANOS
650 #4 - ENCABEZAMIENTO DE MATERIA--TEMÁTICO
Término temático o nombre geográfico como elemento de entrada LITERATURA PERUANA
830 ## - ASIENTO SECUNDARIO DE SERIE--TÍTULO UNIFORME
Nombre de la parte o sección de una obra Punto de lectura ;
Volume number/sequential designation 4/11
910 ## - VALIDACIÓN
Validación Validado. Control de calidad MFF
942 ## - ADDED ENTRY ELEMENTS (KOHA)
Source of classification or shelving scheme Dewey Decimal Classification
Koha item type Libros
945 ## - INFORMACIÓN DE PROCESAMIENTO LOCAL
Información de procesamiento local Inventariado extranjero / 2017 VM
956 ## - LOCAL ELECTRONIC LOCATION AND ACCESS (OCLC)
Método de acceso LOPEREZ
Materiales especificados 10
Enlace 20160706
Campo enlazado y núm. de secuencia BPMSU
Nombre de host 00041
Existencias
Withdrawn status Lost status Source of classification or shelving scheme Damaged status Not for loan Collection code Home library Current library Date acquired Source of acquisition Total Checkouts Full call number Barcode Date last seen Price effective from Koha item type Copy number
    Dewey Decimal Classification     Colección General Biblioteca Pública Metropolitana Salomé Ureña Biblioteca Pública Metropolitana Salomé Ureña 07/06/2016 Alfaguara   Pe863.44 V297j 2008 BPMSU16070243 07/06/2016 07/06/2016 Libros  
    Dewey Decimal Classification     Colección General Biblioteca Pública Metropolitana Salomé Ureña Biblioteca Pública Metropolitana Salomé Ureña 07/06/2016 Alfaguara   Pe863.44 V297j 2008 BPMSU16070176 07/06/2016 07/06/2016 Libros e. 2
    Dewey Decimal Classification     Colección General Biblioteca Pública Metropolitana Salomé Ureña Biblioteca Pública Metropolitana Salomé Ureña 07/06/2016 Alfaguara   Pe863.44 V297j 2008 BPMSU16070177 07/06/2016 07/06/2016 Libros e. 3